Central Library OPAC University of Rajshahi

The Red Moulana : (Record no. 74247)

MARC details
000 -LEADER
fixed length control field 00830nam a2200241 a 4500
001 - CONTROL NUMBER
control field 74247
003 - CONTROL NUMBER IDENTIFIER
rucl marc code BD-RjUL
005 - DATE AND TIME OF LATEST TRANSACTION
control field 20211209082524.0
008 - FIXED-LENGTH DATA ELEMENTS--GENERAL INFORMATION
fixed length control field 180412s2012 bg a b 001 0 eng
020 ## - INTERNATIONAL STANDARD BOOK NUMBER
International Standard Book Number 9789848882252
Terms of availability : Tk. 280.00
035 ## - SYSTEM CONTROL NUMBER
System control number (BD-RjUL)74465
040 ## - CATALOGING SOURCE
Original cataloging agency DLC
Language of cataloging eng
Description conventions rda
Transcribing agency DLC
Modifying agency BD-RjUL
041 ## - LANGUAGE CODE
Language code of text/sound track or separate title eng
082 ## - DEWEY DECIMAL CLASSIFICATION NUMBER
Edition number 23
Classification number 320.9549205
Author mark and year KAR 2012
100 1# - MAIN ENTRY--PERSONAL NAME
Personal name Kabir, Nurul
9 (RLIN) 221147
245 14 - TITLE STATEMENT
Title The Red Moulana :
Remainder of title an essay on Bhashani's ever-oppositional democratic spirit /
Statement of responsibility, etc. Nurul Kabir.
260 ## - PUBLICATION, DISTRIBUTION, ETC. (IMPRINT)
Place of publication, distribution, etc. Dhaka :
Name of publisher, distributor, etc. Samhati Publications,
Date of publication, distribution, etc. 2012
300 ## - PHYSICAL DESCRIPTION
Pagination 124 pages :
Illustrations illustrations ;
Size 22 cm
504 ## - BIBLIOGRAPHY, ETC. NOTE
Bibliography, etc Includes bibliographical references (pages 112-120) and index.
600 10 - SUBJECT ADDED ENTRY--PERSONAL NAME
Personal name Bhashani, Abdul Hamid Khan.
651 #0 - SUBJECT ADDED ENTRY--GEOGRAPHIC NAME
Geographic name Bangladesh
General subdivision Politics and government
Chronological subdivision 1971-
9 (RLIN) 221148
942 ## - ADDED ENTRY ELEMENTS (KOHA)
Source of classification or shelving scheme Dewey Decimal Classification
Koha item type Books
Holdings
Lost status Source of classification or shelving scheme Damaged status Not for loan Collection code Permanent Location Current Location Shelving location Date acquired Source of acquisition Cost, normal purchase price Total Checkouts Full call number Date last seen Copy number Koha item type
  Dewey Decimal Classification   Not For Loan Non-fiction Central Library, University of Rajshahi Central Library, University of Rajshahi Reading Room 27/03/2017 News Home, Rajshahi 280.00   320.9549205 KAR 2012 12/04/2018 C-1 Books